000 00875nam a2200277 u 4500
001 000038567
005 20200120222326.0
008 100505s2009 cau r 000 0 spa d
020 _a9789589608678
043 _as-ck---
082 0 4 _a633.88
_bD87
_221
100 1 _aDurán Ramírez, Felipe
245 1 0 _aPlantas aromáticas y medicinales :
_bCuración con plantas-preparados-usos de la sábila /
_cFelipe Durán Ramírez; diseño: Jaime Durán Naranjo.
250 _a1a. ed.
260 _aBogotá :
_bGrupo Latino,
_c2009.
300 _a160 p. :
_bil., col.
490 0 _aGranja integral
504 _aIncluye bibliografía
650 1 7 _aPlantas medicinales
650 2 7 _aBotánica medica
650 2 7 _aHierbas medicinales y aromáticas
650 2 7 _aEsencias
650 2 7 _aInfusiones
650 2 7 _aJugos de vegetales
700 1 _aDurán Naranjo, Jaime
_edise.
999 _c2329
_d2329